| 000 | 00670 a2200205 4500 | ||
|---|---|---|---|
| 020 | _a0486270661 | ||
| 035 | _a(OCoLC)ocm24215627 | ||
| 040 |
_aDLC _bDLC |
||
| 082 | 0 | 0 | _a184 |
| 100 | 0 | _aPlato. | |
| 245 | 1 | 4 |
_aThe trial and death of Socrates : four dialogues _bfour dialogues _cPlato. |
| 260 |
_aNew York : _bDover Publications, _c1992. |
||
| 300 |
_avii, 115 p. ; _c21 cm. |
||
| 440 | 0 | _aDover thrift editions | |
| 500 | _aTranslated from the Greek by Benjamin Jowett. | ||
| 600 | 0 | 0 | _aSocrates. |
| 700 | 1 |
_aJowett, Benjamin, _d1817-1893. |
|
| 856 | 4 | 2 |
_3Publisher description _uhttp://www.loc.gov/catdir/description/dover031/91029825.html |
| 942 |
_cBK _k184 PLA _2ddc |
||
| 999 |
_c7025 _d7025 |
||